1769 1985 1920 1242 1851 1213 1652 1537 1838 1696 1656 1393 1473 1690 1949 1038 1444 1307 1436 1596 1683 1936 1510 1857 1199 1671 1511 1226 1977 1384 1421 1643 1446 1228 1499 1169 1633 1517 1576 1490 1926 1632 1225 1420 1774 1126 1227 1059 1719 1555 1111 1399 1829 1887 1290 1180 1538 1653 1670 1965 1877 1638 1859 1777 1986 1795 1056 1842 1111 1290 1106 1618 1282 1408 1342 1395 1462 1324 1732 1899 1433 1815 1889 1375 1386 1401 1135 1136 1288 1370 1917 1851 1799 1701 1275 1248 1293 1198 1720 BCNSPRNW ULIB Ver.6.0+V

เปลี่ยนเป็นภาษาไทย

Change to English
 แสดงรายละเอียดบรรณานุกรม
  กลับหน้าหลัก

Brief Record : Get Marc (ISO 2709) : E-mail record : QR code < ปิดหน้าต่าง
LEADER : 00000nam 2200000uu 4500
001    13399123619
003     ULIB
008    141020s2546||||th 000 0 tha d
099    วจ.LB1028.5ศ315ผ
100 0  ศรีสุดา เอกลัคนารัตน์ และธนัชฌา ภัยพยบ
245 00 ผลของการทบทวนด้วยบทเรียนคอมพิวเตอร์ช่วยสอน เรื่องการพยาบาลทารกแรกเกิดที่มีภาวะตัวเหลือง/^cศรีสุดา เอกลัคนารัตน์ และธนัชฌา ภัยพยบ
260    นครสวรรค์ :^blวิทยาลัยพยาบาลบรมราชชนนี สวรรค์ประชารักษ์ นครสวรรค์^c2546
650  0 การพยาบาลทารกแรกเกิดที่มีภาวะตัวเหลือง
999    ^aเกษร โพธิ์สุวรรณ
รายการนี้ยังไม่มีแท็ก
คุณยังไม่ได้ล็อกอิน คุณสามารถมีกิจกรรมร่วมกับเว็บไซต์ได้ แต่ต้องล็อกอินก่อน ::
  ล็อกอิน

รายการสื่อสารสนเทศ

ลำดับที่ ประเภท เลขเรียก/บาร์โค้ด สถานที่ สถานะ
- ไม่พบข้อมูล -

รายการใกล้เคียง
    ผู้แต่ง [ศรีสุดา เอกลัคนารัตน์ และธนัชฌา ภัยพยบ]

    หัวเรื่อง [การพยาบาลทารกแรกเกิดที่มีภาวะตัวเหลือง]

BibComment


ยังไม่เคยถูกคอมเมนท์

คอมเมนท์ทรัพยากรรายการนี้
  คอมเมนท์: ผลของการทบทวนด้วย..


 Copyright 2026. Bcnsprnw @Library